000 00856nam a22002777a 4500
003 CHAP
005 20220817042427.0
008 971013s1977 r 00010 d
010 _a44351
011 _a45323
035 _a49462
040 _cCHAP
090 _aFolleto 8137
110 _aINIA. México. Campo Agrícola Experimental Zacatecas
_958537
245 _aGuía técnica para la viticultura en Zacatecas
260 _a(Fresnillo, Zac.) :
_bEl Instituto,
_c(1977)
300 _a27 p.
_b: ilus.
590 _aBATCH-UPD
_b10
_c20130110
_lUCH01
_h1131
590 _aCONVERSION
_b10
_c20130109
_lUCH01
_h1324
650 1 4 _aViticultura.
650 1 4 _aViticultura
_xZacatecas.
_9120072
901 _aBK
942 _cFOLL
949 _aFolleto 8137
_bBC
_cFOLL
_d-111575
_eTS1
_i49462
_si
949 _aFolleto 8137
_bBC
_cFOLL
_d-111576
_eTS2
_fc.2
_i49462
_si
999 _c44351
_d44351